Hymne an das Meer
| Main Author: | Herrmann, Hugo, 1896-1967 |
|---|---|
| Other Authors: | Schmid, Carlo, 1896-1979 |
| Language: | German |
| Published: |
Reutlingen : Tonos-Verlag, [1949] |
| Physical Description: |
1 partitura (7 s.) |
| LEADER | 00769ncm a22002292a 4500 | ||
|---|---|---|---|
| 001 | 001232646 | ||
| 003 | CZ BrMZK | ||
| 005 | 20150130155023.0 | ||
| 007 | qu | ||
| 008 | 120720s1949 gw |||||||||||||||||ger d | ||
| 040 | |a BOA001 |b cze | ||
| 072 | 7 | |a 784 |x Vokální hudba |2 Konspekt |9 9 | |
| 100 | 1 | |a Herrmann, Hugo, |d 1896-1967 |7 mzk2011633136 |4 cmp | |
| 245 | 1 | 0 | |a Hymne an das Meer |h [hudebnina] / |c Hugo Herrmann ; (Gedicht von Karl Schmid) |
| 260 | |a Reutlingen : |b Tonos-Verlag, |c [1949] | ||
| 300 | |a 1 partitura (7 s.) | ||
| 500 | |a Mužský sbor | ||
| 700 | 1 | |a Schmid, Carlo, |d 1896-1979 |7 jn20010525136 |4 lyr | |
| 910 | |a BOA001 |b Mus4-0432.489 | ||
| 990 | |a MU | ||
| 991 | |b 201207 | ||
| 996 | 6 | |b 2619054101 |c Mus4-0432.489 |l MZK |r Sklad / do 1 hodiny |n 0 |w 001266376 |u 000010 |a 1 |e BOA001 |j MZK50 |s P | |
English
Čeština 